Japanese graded readers : (Record no. 18689)
[ view plain ]
| 000 -LEADER | |
|---|---|
| fixed length control field | 00794nam a22002537a 4500 |
| 001 - CONTROL NUMBER | |
| control field | AUWbook33503 |
| 003 - CONTROL NUMBER IDENTIFIER | |
| control field | BDCtgAUW |
| 005 - DATE AND TIME OF LATEST TRANSACTION | |
| control field | 20260429184724.0 |
| 008 - FIXED-LENGTH DATA ELEMENTS--GENERAL INFORMATION | |
| fixed length control field | 260426b ja ||||| |||| 00| 0 jpn d |
| 020 ## - INTERNATIONAL STANDARD BOOK NUMBER | |
| International Standard Book Number | 9784872177114 |
| 040 ## - CATALOGING SOURCE | |
| Original cataloging agency | BDCtgAUW |
| Transcribing agency | BDCtgAUW |
| 050 #4 - LIBRARY OF CONGRESS CALL NUMBER | |
| Classification number | PL539 |
| Item number | .K24 2009 |
| 100 1# - MAIN ENTRY--PERSONAL NAME | |
| Personal name | Kawamoto, Kazuko. |
| Relator term | author |
| 245 10 - TITLE STATEMENT | |
| Title | Japanese graded readers : |
| Remainder of title | level 0, vol. 1, part 3 / |
| Statement of responsibility, etc. | Kazuko Kawamoto. |
| 260 ## - PUBLICATION, DISTRIBUTION, ETC. | |
| Place of publication, distribution, etc. | Japan : |
| Name of publisher, distributor, etc. | Ask publishing, |
| Date of publication, distribution, etc. | 2009. |
| 300 ## - PHYSICAL DESCRIPTION | |
| Extent | 15 pages : |
| Other physical details | pictures; |
| Dimensions | 22cm. |
| 362 0# - DATES OF PUBLICATION AND/OR SEQUENTIAL DESIGNATION | |
| Dates of publication and/or sequential designation | level 0, vol. 1, part 3 |
| 490 1# - SERIES STATEMENT | |
| Series statement | Japanese graded readers. |
| 500 ## - GENERAL NOTE | |
| General note | Japanese language. |
| 650 #4 - SUBJECT ADDED ENTRY--TOPICAL TERM | |
| Topical term or geographic name entry element | Japanese language |
| General subdivision | Conversation and phrase books |
| 830 #0 - SERIES ADDED ENTRY--UNIFORM TITLE | |
| Uniform title | Japanese graded readers. |
| 9 (RLIN) | 91690 |
| 887 ## - NON-MARC INFORMATION FIELD | |
| Source of data | 8 |
| Content of non-MARC field | Papia Akter |
| 888 ## - | |
| -- | 8 |
| 942 ## - ADDED ENTRY ELEMENTS (KOHA) | |
| Source of classification or shelving scheme | Library of Congress Classification |
| Koha item type | Books |
| Suppress in OPAC | No |
| Withdrawn status | Lost status | Source of classification or shelving scheme | Damaged status | Not for loan | Collection | Home library | Current library | Shelving location | Date acquired | Source of acquisition | Total Checkouts | Full call number | Barcode | Date last seen | Price effective from | Koha item type |
|---|---|---|---|---|---|---|---|---|---|---|---|---|---|---|---|---|
| Library of Congress Classification | Fiction | Asian University for Women Library | Asian University for Women Library | Japanese Corner | 17/04/2026 | JKSK & Toshiba Foundation | PL539 .K24 2009 | 033503 | 26/04/2026 | 26/04/2026 | Books |